Catálogo
 En Linea

La psicología evolutiva y el proceso de la educación / (Registro nro. 51372)

Detalles MARC
000 -CABECERA
campo de control de longitud fija 01623nam a22004217a 4500
003 - IDENTIFICADOR DEL NÚMERO DE CONTROL
campo de control DO-SdBNP
005 - FECHA Y HORA DE LA ÚLTIMA TRANSACCIÓN
campo de control 20250520140417.0
007 - CAMPO FIJO DE DESCRIPCIÓN FÍSICA--INFORMACIÓN GENERAL
campo de control de longitud fija ta
008 - DATOS DE LONGITUD FIJA--INFORMACIÓN GENERAL
campo de control de longitud fija 220208b19681970ag ||| e |||| 001 0 spa d
040 ## - FUENTE DE LA CATALOGACIÓN
Centro catalogador/agencia de origen DO-SdBNP
Lengua de catalogación spa
Centro/agencia transcriptor BNPHU
082 #4 - NÚMERO DE LA CLASIFICACIÓN DECIMAL DEWEY
Número de clasificación 155.7
Número de documento/Ítem M612p, 1970
Número de edición 22
100 10 - ENTRADA PRINCIPAL--NOMBRE DE PERSONA
Nombre de persona Meyer, William J.
9 (RLIN) 81172
240 1# - TÍTULO UNIFORME
Título uniforme Developmental psychology
Lenguaje de la obra Español
245 1# - MENCIÓN DE TÍTULO
Título La psicología evolutiva y el proceso de la educación /
Mención de responsabilidad, etc. William J Meyer ; trad. Andrés Pirk
250 ## - MENCIÓN DE EDICIÓN
Mención de edición 2a. ed.
260 ## - PUBLICACIÓN, DISTRIBUCIÓN, ETC.
Lugar de publicación, distribución, etc. Buenos Aires, Argentina :
Nombre del editor, distribuidor, etc. Troquel,
Fecha de publicación, distribución, etc. 1970.
300 ## - DESCRIPCIÓN FÍSICA
Extensión 142 p. :
Dimensiones 22 cm
490 ## - MENCIÓN DE SERIE
Mención de serie Biblioteca de la nueva educación
504 ## - NOTA DE BIBLIOGRAFÍA, ETC.
Nota de bibliografía, etc. Bibliografía : p. 133-140.
505 ## - NOTA DE CONTENIDO CON FORMATO
Nota de contenido con formato Prólogo.
505 ## - NOTA DE CONTENIDO CON FORMATO
Nota de contenido con formato Capitulos I. Métodos y principios de la psicología evolutiva.
505 ## - NOTA DE CONTENIDO CON FORMATO
Nota de contenido con formato Capítulo II. Crecimiento físico y desarrollo motor.
505 ## - NOTA DE CONTENIDO CON FORMATO
Nota de contenido con formato Capítulo lll. Desarrollo intelectual.
505 ## - NOTA DE CONTENIDO CON FORMATO
Nota de contenido con formato Capítulo lV. Desarrollo cognoscitivo : adquisición de conceptos simples.
505 ## - NOTA DE CONTENIDO CON FORMATO
Nota de contenido con formato Capítulo V. Desarrollo cognoscitivo : adquisición de conceptos de orden superior.
505 ## - NOTA DE CONTENIDO CON FORMATO
Nota de contenido con formato Capítulo VI. Desarrollo emocional.
505 ## - NOTA DE CONTENIDO CON FORMATO
Nota de contenido con formato Capítulo VII. Desarrollo social.
505 ## - NOTA DE CONTENIDO CON FORMATO
Nota de contenido con formato Bibliográfía.
590 ## - NOTA LOCAL (RLIN)
Nota local Inventariado, 2022 / SA
650 40 - PUNTO DE ACCESO ADICIONAL DE MATERIA--TÉRMINO DE MATERIA
Término de materia o nombre geográfico como elemento de entrada Psicología evolutiva
9 (RLIN) 46740
650 #0 - PUNTO DE ACCESO ADICIONAL DE MATERIA--TÉRMINO DE MATERIA
Término de materia o nombre geográfico como elemento de entrada Psicología infantil
9 (RLIN) 2718
650 #4 - PUNTO DE ACCESO ADICIONAL DE MATERIA--TÉRMINO DE MATERIA
Término de materia o nombre geográfico como elemento de entrada Psicología genética
9 (RLIN) 12730
650 40 - PUNTO DE ACCESO ADICIONAL DE MATERIA--TÉRMINO DE MATERIA
Término de materia o nombre geográfico como elemento de entrada Psicología genética
9 (RLIN) 12730
700 1# - PUNTO DE ACCESO ADICIONAL--NOMBRE DE PERSONA
Nombre de persona Pirk, Andrés
Término indicativo de función/relación tr.
9 (RLIN) 52676
830 #0 - PUNTO DE ACCESO ADICIONAL DE SERIE-TÍTULO UNIFORME
Título uniforme Biblioteca de la nueva educación
9 (RLIN) 48866
910 ## - DATOS DE OPCIÓN DEL USUARIO (OCLC)
Datos de opción del usuario Saquino/Validado. Control de calidad MFF
942 ## - ELEMENTOS DE PUNTO DE ACCESO ADICIONAL (KOHA)
Fuente del sistema de clasificación o colocación Dewey Decimal Classification
Tipo de ítem Koha Libro
Existencias
Estado de retiro Estado de pérdida Fuente del sistema de clasificación o colocación Restricciones de uso No para préstamo Código de colección Localización permanente Ubicación/localización actual Ubicación en estantería Fecha de adquisición Total de préstamos Signatura topográfica completa Código de barras Fecha visto por última vez Precio válido a partir de Tipo de ítem Koha
    Dewey Decimal Classification Préstamo interno   General Biblioteca Nacional Pedro Henríquez Ureña Biblioteca Nacional Pedro Henríquez Ureña Depósito 11.12.2013   BNPHU GR 155.7 M612p 1970 2022-0667 08.02.2022 08.02.2022 Libro

Con tecnología Koha